[Event "Linares"]
[Site "Linares"]
[Date "1994.??.??"]
[Round "?"]
[White "Shirov, Alexey"]
[Black "Kasparov, Garry"]
[Result "1/2-1/2"]
[WhiteElo "2715"]
[BlackElo "2805"]
[Annotator "Shirov,A"]
[PlyCount "58"]
[EventDate "1994.??.??"]

{60/197} 1. e4 1... c5 2. Nf3 d6 3. Bb5+ Nd7 4. O-O Ngf6 5. Re1 a6 6. Bf1 b6 7.
d4 (7. c4 $14 $142) 7... cxd4 8. Nxd4 {N} (8. Qxd4 {- 58/(223)}) 8... Bb7 9. f3
e6 10. a4 $5 (10. c4 $13) 10... Be7 (10... Rc8 $5 11. b3 (11. a5 $6 11... b5)
11... Be7 12. Bb2 O-O 13. Nd2 $5 $13) (10... Qc7 $5 11. c4 $13) 11. a5 $5 11...
b5 (11... bxa5 12. Bd2 $13) 12. c4 bxc4 13. Bxc4 13... O-O $6 (13... Ne5 14.
Bf1 (14. Bxe6 $6 14... fxe6 15. Nxe6 Qd7 16. Nxg7+ Kf7 17. Nf5 17... Rag8 $1 {
Kasparov,G} 18. Nh6+ Ke8 19. Nxg8 19... Rxg8 {h5-h4}) 14... O-O 15. Nc3 {
- 13... 0-0}) (13... d5 $5 14. exd5 14... Bxd5 $1 (14... Nxd5 15. Bxd5 $1 15...
Bxd5 16. Nf5 $13) 15. Bf1 $1 (15. Bxd5 $2 15... Nxd5 16. Nc6 (16. Rxe6 $2 16...
fxe6 17. Nxe6 17... Qc8 $19) 16... Qc7 $1 17. Nxe7 17... Nxe7 $17) 15... O-O
16. Nc3 $13) 14. Nc3 $6 (14. Bxe6 $1 14... fxe6 15. Nxe6 Qb8 16. Nxf8 Kxf8 17.
Nc3 $14) 14... Ne5 15. Bf1 15... Qc7 $5 16. Be3 16... d5 $5 (16... Nc4 $2 17.
Bxc4 Qxc4 18. Na4 $1 $16) 17. exd5 Nxd5 18. Nxd5 Bxd5 19. Nf5 $1 (19. Bf4 19...
Bd6 $1 $15 {Kasparov,G} (19... Bf6 $2 20. Kh1)) 19... Bb4 $1 (19... Bc5 $6 20.
Bxc5 Qxc5+ 21. Qd4 $14) 20. Bb6 Qb8 21. Qd4 $5 (21. Re3 21... Nc6 $1 22. Ra4 {
Bologan,V} 22... Qf4 $1 23. Ng3 23... Qf6 $15) 21... Bxe1 22. Rxe1 exf5 23.
Qxd5 Re8 24. Rc1 24... Re6 $1 $15 25. b4 $1 (25. f4 $6 25... Ng4 26. Rc7 Qe8
27. h3 Nf6 28. Qxf5 28... Re1 $17) 25... h5 $6 (25... Rd6 $1 26. Qb3 (26. Qxe5
$4 26... Rxb6 $19) 26... Rxb6 27. axb6 Qxb6+ 28. Kh1 $15) 26. Bc7 Qa7+ (26...
Qe8 $6 27. b5 $1 $44) 27. Bb6 Qb8 (27... Rxb6 28. axb6 Qxb6+ 29. Qc5 Qf6 30.
Rd1 $1 $44) 28. Bc7 Qa7+ 29. Bb6 Qb8 1/2-1/2

[Event "Linares"]
[Site "Linares"]
[Date "1994.??.??"]
[Round "?"]
[White "Shirov, Alexey"]
[Black "Lautier, Joel"]
[Result "0-1"]
[WhiteElo "2715"]
[BlackElo "2625"]
[Annotator "Lautier,J"]
[PlyCount "122"]
[EventDate "1994.??.??"]

{60/385} 1. d4 1... d5 2. c4 e6 3. Nc3 Bb4 4. a3 Bxc3+ 5. bxc3 c5 6. e3 Ne7 7.
Bd3 7... Qc7 {N} (7... O-O {- 37/440}) 8. cxd5 exd5 9. Ne2 Bf5 10. Bxf5 Nxf5
11. O-O O-O 12. Nf4 (12. f3 $5 {e4}) 12... Ne7 $11 13. c4 $2 13... dxc4 (13...
cxd4 $2 14. cxd5 $16 14... dxe3 $2 15. d6 $18) 14. d5 Ng6 15. Nh5 15... Qe5 $6
(15... Nd7 $1 16. Bb2 16... f6 {Nde5} (16... Nde5 $2 17. f4 $18) 17. f4 Rae8
18. Qf3 b5 19. e4 (19. Rac1 Nb6 20. e4 b4 21. axb4 cxb4 22. Bd4 22... c3 {Nc4})
19... b4 20. axb4 cxb4 21. Bd4 21... Nc5 $17) 16. Rb1 Rd8 17. Qg4 $1 (17. Rxb7
Qxd5 18. Qxd5 Rxd5 19. g4 19... c3 $1 (19... Nc6 20. Bb2 Nce5 21. h3 {f4}) 20.
Rb3 Nd7 (20... Rd3 21. Bb2 $1 $14) 21. Rxc3 Nde5 22. e4 (22. h3 Rad8 23. f4
23... Nd3 $11) 22... Rd4 23. Rxc5 Rxe4 24. h3 $11) 17... Nd7 (17... Qxd5 $2 18.
Bb2 {Rbd1+-} 18... Qd7 19. Qxc4 $16) 18. e4 b6 19. Bb2 $1 19... c3 20. Ba1
20... c4 $1 21. Qf3 $1 (21. Rbc1 $6 21... Nc5 22. Rfe1 Na4 (22... Nd3 $6 23.
Bxc3 Qe7 24. Nxg7 Nxe1 (24... Nxc1 $2 25. Nf5 Qxa3 26. Nh6+ Kf8 27. Qf5 Qe7 28.
Bb4 $18) 25. Rxe1 (25. Nf5 $2 25... Qxa3 26. Nh6+ Kf8 27. Qf5 27... Nf3+ $19)
25... Qxa3 26. Qg3 $1 26... b5 27. Nf5 {28. Nh6 Kf8 29. Bg7+-} 27... b4 28.
Nh6+ Kf8 29. Qc7 $1 $18) 23. Re3 Re8 (23... Qd4 $6 24. Rexc3 $5 (24. Bxc3 Nxc3
25. Rexc3 (25. Rcxc3 $2 25... Rxd5 $19) 25... b5 $13 (25... Rxd5 $4 26. Rxc4
Rc5 27. Rxd4 Rxc1+ 28. Rd1 $18)) 24... Nxc3 25. Bxc3 Qc5 26. Nxg7 Qxa3 27. Qg5
$40) 24. Bxc3 Nxc3 25. Rcxc3 25... b5 $15) 21... f6 (21... Nc5 $4 22. Bxc3 Qxe4
23. Nf6+ $1 23... gxf6 24. Qxf6 Kf8 25. Rfe1 $18) 22. Bxc3 Qe7 23. Qg4 $1 {f4}
23... Nde5 (23... Qxa3 $2 24. Bb4 (24. Qe6+ $2 24... Kh8 25. Qf7 25... Qf8 $1
$17) 24... Qa4 25. f4 $1 $18 {f5} (25. Qe6+ $2 25... Kh8 26. Qf7 Rg8 27. f4
27... c3 $1 28. Bxc3 Qxe4 29. Qxd7 Qe3+ 30. Kh1 30... Qxc3 $15)) (23... Kh8 $6
24. f4 $1 24... Qxe4 $2 25. Rbe1 Qd3 26. Rf3 Qxd5 27. f5 Qc5+ 28. Kf1 $18) 24.
Qg3 Nd3 25. f4 $1 25... Kh8 (25... Qxa3 $2 26. f5 Qxc3 27. Qc7 $1 $18) (25...
Qxe4 $2 26. f5 (26. Bxf6 $2 26... Rxd5 $1) 26... Qh4 (26... Rxd5 27. Nxg7 $1
27... Kxg7 28. fxg6 $18) 27. Qxh4 $1 27... Nxh4 28. g3 $18) (25... Rd7 26.
Nxf6+ $5 (26. e5 $2 26... fxe5 27. fxe5 Rxd5 28. e6 Rxh5 29. Qf3 (29. Rf7 Qc5+
30. Kh1 30... Nde5 $19) 29... Qc5+ 30. Kh1 Rf8 31. e7 Rxf3 32. e8=Q+ 32... Rf8
$19) (26. Bxf6 $6 26... gxf6 27. f5 27... Qd6 $8 28. fxg6 Qxg3 29. hxg3 29...
Rd6 $1 30. gxh7+ Kxh7 31. Nxf6+ Kg6 32. Ng4 32... Re8 $15) 26... gxf6 27. f5
27... Qd6 $8 28. fxg6 Qxg3 29. hxg3 Rd6 (29... Re8 $2 30. Rxf6 Rxe4 31. Rbf1
Re8 32. Rf7 $18) 30. Rxf6 Rxf6 31. Bxf6 hxg6 (31... Re8 $2 32. d6) 32. Bc3 $1
$14 32... Re8 $2 33. e5 $1 33... Nxe5 $2 34. Re1 $18) 26. Kh1 26... Rd7 $5 27.
e5 $1 (27. Rf3 $4 27... Qxe4 28. f5 28... Nf2+ $19) (27. Qg4 27... Rad8 $1 {Qe4
} 28. Qf5 (28. Qe6 28... Qxa3 $1 29. Bxf6 (29. Nxf6 $2 29... Rd6 30. Qh3 30...
gxf6 $19) 29... gxf6 30. Qxf6+ {- 28. Qf5}) 28... Qxa3 $1 29. Bxf6 (29. Nxg7 $2
29... Qxc3 $19) (29. Nxf6 $2 29... Rf7 $1 (29... Qxc3 $2 30. Nxd7 {Ne5+-}) 30.
Qe6 30... Rdf8 $17) 29... gxf6 30. Qxf6+ Kg8 31. f5 (31. Rf3 $2 31... Rf8 32.
Qe6+ Rdf7 33. f5 Qa2 (33... Nge5 34. Qxe5 Nxe5 35. Rxa3 $14) 34. Rbf1 Nge5 35.
Rg3+ 35... Kh8 $19) 31... Nge5 32. Qg5+ Kh8 33. Qf6+ $11) (27. f5 Nge5 28. Qh4
$5 $13 {a4} (28. Nf4 $2 28... Nxf4 (28... Qxa3 $2 29. Bxe5 fxe5 30. Ng6+ $1
30... hxg6 31. fxg6 $18) 29. Rxf4 Qxa3 30. Rh4 {Be5} 30... Qe7 (30... Qd6 31.
Qh3 h6 32. Bd2) 31. Qh3 h6 32. Bd2 32... Nf7 $17) (28. a4 $6 28... Nc5 $5 29.
Rf4 Nxa4 (29... Ned3 30. Rh4 Nxe4 31. Qg6 $1 31... Nxc3 (31... hxg6 32. Nxf6#)
32. Qxh7+ $1 32... Kxh7 33. Nxf6#) 30. Bd4 (30. Bxe5 $2 30... Qxe5 $17) 30...
Nc5 31. Rh4 Ncd3 32. Rf1 Rc8 33. Qh3 33... h6 $15 (33... c3 $2 34. Nf4 Nxf4 35.
Rxh7+ Kg8 36. Rxf4 $18)) 28... Qxa3 $2 29. Nxf6 $1 $18) 27... fxe5 28. fxe5 (
28. f5 $2 28... Ngf4 $19) 28... Rxd5 (28... Ndxe5 $2 29. Rbe1 Rxd5 30. Nf4 $1
$18) (28... Ngxe5 $2 29. Rbe1 Rxd5 (29... Nxe1 30. Bxe5 Nd3 31. Bxg7+ Qxg7 32.
Nxg7 Rxg7 33. Qe3 $18) (29... Re8 30. Bxe5 Nxe5 31. Rxe5 $18) 30. Nf4 $1 30...
Nxf4 31. Qxf4 Re8 32. Rxe5 Rxe5 33. Bxe5 $18) 29. e6 $1 (29. Qf3 $2 29... Qe6
$1 30. Rb5 30... Rdd8 $1 31. Qf7 Qxf7 32. Rxf7 32... Ndxe5 $19) 29... Rxh5 30.
Qf3 30... Re8 $2 (30... Rd8 $1 31. Qxh5 Qxe6 32. Qf3 Kg8 33. Qb7 33... Qd7 $1
34. Qe4 34... Qd5 $14) 31. Qxh5 Qxe6 32. Qf3 $1 32... Kg8 (32... h6 $2 33. Qf7
$18) 33. Qb7 Qe7 (33... Re7 $2 34. Qb8+ $18) 34. Qc6 $2 (34. Qd5+ $1 34... Qe6
35. Qd4 $1 35... Nge5 (35... Re7 36. Qd8+ Re8 37. Qc7 Re7 38. Qb8+ $18) 36.
Rbe1 $1 36... h6 (36... Nxe1 37. Rxe1 Qf7 38. h3 $18 {g7}) 37. Rxe5 $1 37...
Nxe5 (37... Qxe5 38. Qxc4+ $18) 38. Re1 $18) 34... Nge5 $8 (34... Qe6 $2 35.
Qc7 $1 35... Re7 36. Qb8+ $18) (34... Qe4 $2 35. Qc7 Re7 (35... Nf2+ 36. Kg1
Nh3+ 37. gxh3 Qe3+ 38. Rf2 Qxc3 39. Qf7+ $18) 36. Qb8+ Re8 37. Qxa7 $18) 35.
Qe4 h6 (35... Qxa3 $2 36. Qd5+ Kh8 37. Bxe5 Nxe5 38. Rbe1 $1 38... Qc5 39. Rxe5
$18) (35... Qe6 $2 36. Bxe5 $1 36... Nxe5 37. Rbe1 g6 (37... c3 38. Rf5 c2 39.
Qxc2 $18) 38. Qd4 {Re4, Rfe1+-}) (35... Qc5 36. Rbe1 $1 {Be5, Rf5+-} (36. Bxe5
$2 36... Nxe5 37. Rbe1 37... c3 $132) (36. Bd4 36... Qc6 $1 $13 37. Rbe1 $2
37... Nxe1 38. Rxe1 Qxe4 39. Rxe4 39... Rd8 $1 $19)) 36. a4 $2 (36. Rbe1 $1)
36... Qc5 $1 $13 37. Qf5 (37. Rb5 $4 37... Nf2+ 38. Rxf2 Qxf2 39. h3 Qf1+ 40.
Kh2 40... Qd3 $1 $19) 37... a6 $1 38. h3 (38. Rbe1 $6 38... b5 $1 (38... Nxe1
$4 39. Rxe1 $18) 39. axb5 axb5 40. Qe4 b4 41. Bd4 Qb5 42. Re2 42... c3 $1 (
42... b3 $6 43. Rf5 43... b2 $2 44. Bxb2) 43. Rf5 43... Qc4 $19) 38... Qc6 39.
Bd4 b5 40. axb5 axb5 41. Ra1 Qd5 42. Bxe5 $6 (42. Be3 42... Qe6 $13 (42... b4
$6 43. Ra6 $1 {Bh6})) 42... Rxe5 $1 43. Qc8+ Kh7 44. Rf8 {Rh8,aRa6} 44... Nc5
$1 45. Rh8+ Kg6 46. Rd8 Qe6 47. Qb8 {Rd6} 47... Qf6 (47... Ne4 $2 {Nf6} 48. Ra6
$1 48... Qxa6 49. Qxe5 Nf6 50. Rb8 $16) 48. Rf8 (48. Rd6 48... Ne6 $17) 48...
Qe7 49. Rf3 $1 {Qg8!} (49. Ra7 $2 49... Nd7 $1 50. Rxd7 Re1+ 51. Kh2 Qxd7 52.
Qg3+ Kh7 53. Qxe1 53... Qd6+ $19) 49... Kh7 50. Kh2 $6 {Rg3, Ra7} (50. Qxb5 $2
50... Nb3 51. Ra7 Re1+ 52. Kh2 Qxa7 53. Qf5+ g6 54. Qf8 54... Re7 $19) (50. Ra7
$1 50... Nd7 (50... Re1+ 51. Kh2 Qe5+ 52. Qxe5 Rxe5 53. Rff7 Ne6 (53... Rg5 $2
54. h4 Rg6 55. Ra5 Rb6 56. Rf5 $16) 54. Rae7 $1 54... c3 55. Rxg7+ Kh8 (55...
Nxg7 $2 56. Rxe5 b4 57. Rc5 Ne6 58. Rc4 $18) 56. Rh7+ Kg8 57. Rhg7+ $11) 51.
Qc7 (51. Rxd7 $2 51... Re1+ $19) (51. Qc8 Re1+ 52. Kh2 Qe5+ 53. Rg3 Re3 (53...
Qd4 $6 54. Rxg7+ $1) 54. Qc7 Rxg3 55. Qxe5 Nxe5 56. Kxg3 c3 57. Rc7 57... Nc4
$19) 51... Re1+ 52. Kh2 Qe5+ 53. Qxe5 Nxe5 54. Rg3 Ng6 55. Rc7 $15) 50... Nd7
$5 51. Qb7 Nf6 52. Qxe7 52... Rxe7 {R 9/n} 53. Rf5 (53. Rb1 $6 53... Re5 $19 (
53... Rb7 $4 54. Rc3 $16)) 53... b4 54. Rf4 Ne4 (54... Rc7 $2 55. Rc1 $16) 55.
Ra4 55... g5 $8 56. Rf8 $2 (56. Rxe4 Rxe4 57. Rxb4 h5 58. Rb5 (58. Rb6 $2 58...
c3 59. Rc6 Re3 60. Kg1 60... h4 $1 61. Kf2 61... Rg3 $19) 58... Kg6 (58... c3
$2 59. Rc5 Re3 60. Rxg5 $11) 59. Rc5 59... h4 $17) 56... Rb7 $19 57. Rc8 Nd2
58. Raa8 b3 59. Rh8+ Kg6 60. Ra6+ Kf5 61. Re8 h5 (61... b2 $4 62. g4+ Kf4 63.
Rf6#) 0-1

[Event "Linares"]
[Site "Linares"]
[Date "1994.??.??"]
[Round "?"]
[White "Topalov, Veselin"]
[Black "Bareev, Evgeny"]
[Result "0-1"]
[WhiteElo "2640"]
[BlackElo "2685"]
[Annotator "Bareev,E"]
[PlyCount "46"]
[EventDate "1994.??.??"]

{60/281} 1. e4 1... e6 2. d4 d5 3. Nc3 Nf6 4. Bg5 dxe4 5. Nxe4 Be7 6. Bxf6 Bxf6
7. c3 Nd7 8. Qc2 {N} (8. Nf3 {- 1/135}) (8. f4) 8... e5 (8... O-O 9. f4 $1) 9.
dxe5 $6 (9. O-O-O $5) 9... Nxe5 10. f4 Ng6 11. g3 O-O 12. Bd3 12... Qd5 $1 $11
13. a3 $4 (13. Nxf6+ $2 13... gxf6 14. O-O-O Qxh1 15. Be4 15... Bf5 $19) (13.
Ne2 Be7 14. a3 (14. O-O 14... Bh3 $15) 14... Rd8 (14... Bg4 15. h3 (15. O-O-O
Rad8 16. h3 Bc8 17. h4 17... Rfe8 $15) 15... Bf3 16. Rh2 Rad8 17. O-O-O (17.
Nd4 Rfe8) 17... c6 18. Rf2 Bxe4 19. Bxe4 19... Qxd1+ $11) 15. O-O-O Bg4 (15...
Qa2 $2 16. c4) 16. h3 Bf3 17. Rh2 c6) 13... Nxf4 $1 $19 14. Nxf6+ (14. gxf4
Bh4+ 15. Kf1 (15. Ke2 f5 16. b3 Kh8) 15... f5 16. Nd2 Qxh1 17. Ndf3 Be7) 14...
gxf6 15. Bxh7+ 15... Kg7 $1 16. Qe4 Re8 (16... Qxe4+ 17. Bxe4 Re8 18. gxf4
Rxe4+ 19. Kf2 Rxf4+ 20. Ke3 Ra4 21. Nf3 21... Bf5 $17) (16... Nd3+ 17. Kf1 (17.
Ke2 Qxe4+ 18. Bxe4 Nxb2 19. Bc2 Bd7 20. Nf3 20... Na4 $19) 17... Qxe4 18. Bxe4
Nxb2 19. Ne2 Re8 20. Bc2 $17) 17. Qxe8 Bf5 18. Qxa8 (18. Qe7 Nd3+ 19. Kf1 Bxh7)
(18. Qa4 Nd3+ 19. Kf1 Kxh7 20. Qd1 20... Re8 $1) 18... Qe4+ 19. Kf2 (19. Kf1
Qg2+ 20. Ke1 Nd3+ 21. Kd1 Bg4+) (19. Kd1 Qc2+ 20. Ke1 Nd3+) (19. Kd2 19... Qg2+
$1) 19... Qg2+ 20. Ke3 Nd5+ 21. Kd4 Qd2+ 22. Kc5 22... Qe3+ $1 23. Kc4 (23.
Kxd5 Be6#) (23. Kb5 Qb6+ 24. Kc4 Ne3#) 23... Nb6+ (23... Nb6+ 24. Kb3 Qe6+ 25.
Kb4 Qc4+) 0-1

[Event "Linares"]
[Site "Linares"]
[Date "1994.??.??"]
[Round "?"]
[White "Topalov, Veselin"]
[Black "Beliavsky, Alexander G"]
[Result "1-0"]
[WhiteElo "2640"]
[BlackElo "2650"]
[Annotator "Topalov,V"]
[PlyCount "81"]
[EventDate "1994.??.??"]

{60/44} 1. c4 1... Nf6 2. Nc3 c5 3. Nf3 d5 4. cxd5 Nxd5 5. d4 (5. g3 {- 60/(44)
}) 5... cxd4 6. Qxd4 Nxc3 7. Qxc3 Nc6 8. e4 Bg4 9. Bb5 Rc8 10. Be3 a6 11. Rd1
Qc7 12. Ba4 b5 13. Bb3 e6 14. O-O Bxf3 15. gxf3 15... Bd6 {N} (15... Qe5 {
- 56/(47)}) 16. Qxg7 Bxh2+ 17. Kh1 Be5 18. Qh6 $16 18... Qe7 (18... Bxb2 19. f4
$16) 19. Bg5 (19. f4 $5 19... Bxb2 20. f5 $16) 19... Qf8 20. Qh5 (20. Bxe6 $4
20... Qxh6+ $19) 20... Nd4 $8 21. Bh6 Qd6 22. Be3 (22. f4 $1 22... Bf6 23. e5
Qc6+ 24. f3 Nf5 (24... Nxb3 25. axb3 Be7 26. Bg7) 25. Qxf5 $1 25... exf5 26.
exf6) 22... Rc5 23. Qh3 $1 (23. Qh4 $2 23... Rg8 24. f4 (24. Bxd4 Bxd4 25. Rxd4
$2 25... Qxd4 26. Rd1 26... Qf6 $1) 24... Bf6) 23... Rg8 24. f4 Bf6 25. Rg1 $1
$18 25... Rg6 26. Rxg6 hxg6 27. e5 Qc6+ 28. Qg2 Nxb3 29. axb3 Bd8 30. Bxc5 Qxc5
31. Qa8 Qe7 32. Kg2 a5 33. Qc6+ Kf8 34. Qc8 Ke8 35. Qc6+ (35. Rh1 Qc7) 35...
Kf8 36. Rd7 Qh4 37. Qf3 Bb6 38. Qg3 Qh5 39. Rb7 Bd4 40. Qg5 Qxg5+ 41. fxg5 1-0

[Event "Linares"]
[Site "Linares"]
[Date "1994.??.??"]
[Round "?"]
[White "Topalov, Veselin"]
[Black "Gelfand, Boris"]
[Result "1-0"]
[WhiteElo "2640"]
[BlackElo "2685"]
[Annotator "Topalov,V"]
[PlyCount "93"]
[EventDate "1994.??.??"]

{60/258} 1. e4 1... c5 2. Nf3 d6 3. d4 cxd4 4. Nxd4 Nf6 5. Nc3 a6 6. Be3 e5 7.
Nf3 Be7 8. Bc4 O-O 9. O-O Nc6 10. Re1 {N} (10. Qe2 {- 60/(258)}) 10... Na5 (
10... h6 {- 60/(258)}) 11. Bf1 Be6 (11... Qc7 12. Bg5 Be6 13. Bxf6 Bxf6 14. Nd5
Bxd5 15. Qxd5 $14) 12. Nd5 Bxd5 13. exd5 b5 14. b3 14... Ng4 $1 (14... Qc7 15.
c4 bxc4 16. b4 Nb7 17. Rc1 c3 18. Qb3 Rfc8 19. Bd2) 15. Bd2 Qb6 16. h3 $5 (16.
Qe2 16... Rfc8 {Bd8}) 16... Nxf2 (16... Nf6 17. c4 Rfc8 18. Rc1 Bd8 19. c5 $5)
17. Bxa5 17... Qxa5 $5 (17... Nxh3+ 18. Kh2 Qxa5 19. gxh3 f5 20. Qd2 Qd8 (20...
Qb6 21. Ng5 $13 {Gelfand,B}) 21. a4) 18. Kxf2 Qb6+ 19. Kg3 f5 20. Kh2 Bf6 21.
c3 21... b4 $8 22. Nd2 (22. Rc1 bxc3 23. Rxc3 e4 24. Rc6 Qd8 25. Nd4 25... Be5+
$40) 22... bxc3 23. Nc4 Qc5 24. a3 $1 24... a5 25. Ra2 $6 (25. Rc1 $1 25... e4
26. Re3 Rae8 27. Rexc3 Bxc3 28. Rxc3 $14 {a5}) 25... Rab8 (25... e4 $142) 26.
Kh1 26... Rb7 $4 (26... e4 $44) 27. Qf3 $16 27... e4 28. Qxf5 Re7 29. Qh5 (29.
Qf4 Be5 30. Qxe4 $2 30... Bh2 $19) 29... Bd4 30. Qd1 Bf2 31. Ree2 31... Bg3 {
Ref7} 32. Re3 Qd4 33. Ra1 $1 33... Be5 (33... Qxd1 34. Rxd1 c2 35. Rc1 Bf4 36.
Rxc2 Bxe3 37. Nxe3 $18) 34. Qc2 Bf4 35. Rxc3 $18 35... Ref7 36. Be2 Bg5 37. Rd1
Qf2 38. Bh5 $1 38... g6 39. Qxf2 Rxf2 40. Bg4 h5 41. Be6+ Kh8 42. h4 Bh6 43.
Re1 Rf1+ 44. Rxf1 Rxf1+ 45. Kh2 Re1 46. g3 e3 47. Kg2 1-0

[Event "Linares"]
[Site "Linares"]
[Date "1994.??.??"]
[Round "?"]
[White "Topalov, Veselin"]
[Black "Ivanchuk, Vassily"]
[Result "1-0"]
[WhiteElo "2640"]
[BlackElo "2710"]
[Annotator "Topalov,V"]
[PlyCount "107"]
[EventDate "1994.??.??"]

{60/130} 1. e4 1... c6 2. d4 d5 3. exd5 cxd5 4. Bd3 Nc6 5. c3 Nf6 6. Bg5 Bg4 7.
Ne2 7... e6 {N} (7... Qb6 {- 34/170}) 8. Qc2 8... Bxe2 $5 (8... Bd6 9. Ng3 h6
10. Bxf6 Qxf6 11. f3 Bxg3+ 12. hxg3 Bf5 13. Bxf5 13... exf5 $13) 9. Qxe2 h6 10.
Bh4 10... Qb6 $5 11. Bg3 Be7 12. O-O O-O 13. b3 (13. b4 $5) 13... Rac8 14. Nd2
a6 15. a4 $6 (15. Rac1 Na7 16. a4 Qa5 17. Qe3 $14) 15... Qd8 16. Rac1 Re8 17.
Kh1 Bd6 18. f4 Ne7 19. Nf3 Nf5 20. Ne5 20... Be7 $1 (20... g6 $5 {h5}) 21. Rc2
$8 (21. Be1 $2 21... Nxd4 $19) 21... g6 22. Be1 h5 23. h3 23... h4 $1 $13 24.
Bxf5 $8 24... exf5 25. Bxh4 Ne4 26. Be1 26... Bh4 $44 27. g4 $5 (27. Qf3) 27...
fxg4 $6 (27... Bxe1 28. Qxe1 28... Qb6 $13) 28. hxg4 Kg7 29. f5 $8 29... Rc7
30. Kg2 Bxe1 31. Qxe1 Qg5 32. Qc1 $1 32... Qxc1 $8 (32... Qh4 33. f6+ $18 33...
Nxf6 (33... Kg8 34. Qf4) 34. Rh1) 33. Rcxc1 $1 (33. Rfxc1 gxf5 34. gxf5 Kf6)
33... gxf5 34. Rxf5 f6 35. Nd3 Rxc3 36. Rxc3 Nxc3 37. Nf4 Re4 38. Kf3 $16 38...
Kh7 39. Rxf6 39... b5 $2 40. Rxa6 Rxd4 41. Ra7+ 41... Kg8 $8 (41... Kh6 42. g5+
Kxg5 43. Ne6+) 42. a5 $18 42... Rb4 43. g5 Rxb3 44. Ne6 b4 45. Kf4 Ne2+ 46. Ke5
Re3+ 47. Kf6 Rf3+ 48. Kg6 Nf4+ 49. Nxf4 Rxf4 50. Ra8+ Rf8 51. Rxf8+ Kxf8 52. a6
b3 53. a7 b2 54. a8=Q+ 1-0

[Event "Linares"]
[Site "Linares"]
[Date "1994.??.??"]
[Round "?"]
[White "Topalov, Veselin"]
[Black "Kasparov, Garry"]
[Result "1/2-1/2"]
[WhiteElo "2640"]
[BlackElo "2805"]
[Annotator "Makarichev,S"]
[PlyCount "87"]
[EventDate "1994.??.??"]

{60/550} 1. c4 1... g6 2. e4 Bg7 3. d4 d6 4. Nc3 Nf6 5. f4 O-O 6. Nf3 c5 7.
dxc5 Qa5 8. Bd3 Qxc5 9. Qe2 Bg4 10. Be3 Qa5 11. O-O Nc6 12. Rac1 Nd7 13. Qf2
Bxf3 14. gxf3 14... Nc5 $1 {N} (14... Rac8 {- 42/778}) 15. Bb1 15... Na4 $1
$132 (15... Rac8 {- 60/(550)}) 16. Nxa4 Qxa4 17. b3 Qa3 18. c5 $5 (18. Kh1 $5
18... b6 19. h4 $13) 18... dxc5 19. Bxc5 19... Qxc5 $1 20. Rxc5 Bd4 21. Rd1
Bxf2+ 22. Kxf2 Rfd8 23. Rcd5 e6 24. Rxd8+ Rxd8 25. Rxd8+ 25... Nxd8 {NB 5/d}
26. Ke3 26... Kf8 $11 27. f5 $6 27... e5 $1 $15 28. f4 f6 29. fxe5 fxe5 30.
fxg6 hxg6 31. h4 31... Kg7 $6 (31... Ke7 $1 $15) 32. Kd3 $1 $132 32... Kf6 (
32... Kh6 $13 33. Kc4 Kh5 34. Kd5 (34. b4 Kxh4 35. Kd5 g5 36. Kxe5 g4 37. Bd3
$8 37... Nc6+ 38. Kd6 Nxb4 39. Bf1 Nxa2 40. e5 Nb4 41. e6 Nc6 42. Bg2 $11 (42.
Ba6 $11)) 34... Nc6 35. b4 $8 (35. Kd6 $2 35... Kxh4 36. Kc7 g5 (36... Nb4 $2
37. a3 $16) 37. Bd3 (37. Kxb7 $2 37... Nb4 $19 38. a3 g4) 37... Nb4 38. Be2
38... Nxa2 $17) 35... a6 $1 (35... Kxh4 $2 36. b5 Nd4 (36... Nb4+ 37. Kxe5 g5
38. Kd6 $1 $18 (38. Kf5 $2 38... g4 39. e5 g3 40. Be4 Nxa2 41. e6 Nc3 42. e7
42... Nxb5 $13)) (36... g5 37. bxc6 bxc6+ 38. Kxc6 g4 39. Bd3 g3 40. Bf1 $18)
37. Kxe5 Nxb5 38. Bd3 $1 38... Nc3 39. Kd6 $1 39... Nxa2 40. e5 Nb4 41. e6 Nc6
42. Be4 $18) 36. a3 Kxh4 37. Bd3 g5 38. Kd6 (38. Kc5 $2 38... Nd4 $1 (38... g4
39. Kb6 39... Nd4 $1 (39... g3 40. Bf1 Nd4 41. Kxb7 Nc2 42. Bg2 $1 42... Ne1 (
42... Nxa3 $2 43. Kxa6 Kg4 44. b5 $18) 43. Bf1 $1 (43. Bh1 $2 43... Kh3 $15)
43... Nc2 $1 44. Bg2 $11) 40. Kxb7 40... Nc2 $8 41. Bf1 $1 (41. Kxa6 $2 41...
g3 $1 42. Bf1 42... Ne3 $1 43. b5 $15) (41. Be2 $6 41... Nxa3 42. Kxa6 g3 43.
Bf3 Kh3 44. b5 Nxb5 45. Kxb5 g2 46. Bxg2+ Kxg2 47. Kc4 Kf3 48. Kd3 $11) 41...
Nxa3 (41... Ne3 $2 42. Be2 g3 43. Bf3 Nc2 44. Kxa6 Nxa3 45. b5 Nc2 (45... Nxb5
46. Kxb5 Kh3 47. Kc5 g2 48. Bxg2+ Kxg2 49. Kd5 $18) 46. b6 Ne1 47. Bh1 Kh3 48.
b7 Kh2 49. b8=Q Kxh1 50. Qxe5 $18) 42. Kxa6 Nb1 43. b5 Nd2 44. b6 $5 (44. Bg2
Kg3 45. b6 Kxg2 46. b7 g3 47. b8=Q Nf3 48. Qb2+ Kf1 49. Qc1+ Kf2 50. Qc2+ 50...
Kf1 $11) 44... Nxf1 (44... Nxe4 $2 45. Kb5 $1 $16) 45. b7 g3 46. b8=Q g2 47.
Qh8+ $1 47... Kg4 48. Qxe5 48... Ng3 $13 49. Qd4 Ne2 50. Qf2 g1=Q 51. Qxe2+ Kf4
52. e5 52... Qa1+ $11) 39. Kb6 39... Kg3 $1 40. Bf1 (40. Kxb7 40... Kf2 $1 41.
Kxa6 g4 42. b5 42... Nxb5 $19) 40... g4 41. Kxb7 41... Kf2 $19) 38... g4 39.
Be2 (39. Bf1 $2 39... Kg3 40. Be2 Kf4 41. Bxg4 Kxg4 42. Kc7 Nd4 43. Kxb7 43...
Nc2 $19) (39. Kc7 $2 39... Nd4 $1 40. Kxb7 40... Kg3 $1 $17) 39... Nd4 $1 (
39... g3 $2 40. Bf1 $1 40... Kg4 41. Bg2 Kf4 42. Kc7 a5 (42... Nd4 43. Kxb7 Nc2
44. Kxa6 Nxa3 45. b5 $18) 43. b5 Nd4 44. b6 Nb5+ 45. Kxb7 Nxa3 46. Ka6 $18) 40.
Bxg4 (40. Bf1 $2 40... Kg3 $1 41. Kxe5 Kf2 42. Kxd4 Kxf1 43. e5 g3 44. e6 g2
45. e7 45... g1=Q+ $19) 40... Kxg4 41. Kxe5 Nc2 42. Kd6 Nxa3 (42... Kf4 $6 43.
e5 Nd4 44. e6 Ke4 45. e7 Nf5+ 46. Kc7 $14) 43. e5 (43. Kc7 $2 43... b5 44. Kb6
44... Kf4 $19) 43... Nc4+ 44. Kc7 b5 45. e6 Ne3 46. Kb6 $11) 33. Kc4 Ke6 34.
Kc5 34... b6+ $1 35. Kb5 Kd6 36. b4 Kc7 37. a4 37... Ne6 $11 38. Ba2 Nd4+ 39.
Ka6 Kb8 40. Bf7 Nf3 41. Bxg6 Nxh4 42. Bf7 Nf3 43. a5 bxa5 44. bxa5 1/2-1/2